[Event "3. Open Distrito Chamartín 2014"]
[Site "Madrid ESP"]
[Date "2014.09.08"]
[Round "2.9"]
[White "Perez Perez, Elena Maria"]
[Black "Aziz Ortego, Omar Luis"]
[Result "0-1"]
[WhiteElo "1757"]
[BlackElo "2094"]
[PlyCount "54"]
[EventDate "2014.09.07"]
[EventType "swiss"]
[EventRounds "9"]
[EventCountry "ESP"]
[SourceTitle "Ajedrez en Madrid"]
[Source "lmi"]
[SourceDate "2014.09.07"]
[SourceVersion "1"]
[SourceVersionDate "2015.07.30"]
[SourceQuality "1"]

1. e4 e5 2. Nf3 Nc6 3. Bc4 Nf6 4. d3 Be7 5. c3 d6 6. Bb3 Na5 7. Bc2 c5 8. Nbd2
O-O 9. O-O Bg4 10. h3 Bd7 11. Re1 Rc8 12. Nf1 Nc6 13. Ng3 g6 14. Be3 Ne8 15.
Qd2 h5 16. Bg5 f6 17. Be3 Ng7 18. Bb3+ Be6 19. Bxe6+ Nxe6 20. Rad1 d5 21. exd5
Qxd5 22. d4 cxd4 23. cxd4 e4 24. Nh2 Bb4 25. Qe2 Bxe1 26. Qxe1 f5 27. a3 f4 0-1

[Event "3. Open Distrito Chamartín 2014"]
[Site "Madrid ESP"]
[Date "2014.09.08"]
[Round "2.10"]
[White "Madurga Lopez, Ignacio"]
[Black "Sirera Ripoll, Jose"]
[Result "1-0"]
[WhiteElo "2089"]
[BlackElo "1761"]
[PlyCount "83"]
[EventDate "2014.09.07"]
[EventType "swiss"]
[EventRounds "9"]
[EventCountry "ESP"]
[SourceTitle "Ajedrez en Madrid"]
[Source "lmi"]
[SourceDate "2014.09.07"]
[SourceVersion "1"]
[SourceVersionDate "2015.07.30"]
[SourceQuality "1"]

1. e4 c5 2. d4 cxd4 3. c3 d3 4. Bxd3 Nc6 5. Nf3 d6 6. Bc4 Nf6 7. O-O g6 8. Qe2
Bg7 9. h3 O-O 10. Bf4 a6 11. e5 dxe5 12. Nxe5 Nd7 13. Nxc6 bxc6 14. Re1 Nb6 15.
Bb3 Nd5 16. Bxd5 Qxd5 17. Qxe7 Be6 18. Na3 Rfd8 19. Nc2 Rd7 20. Qg5 Qxg5 21.
Bxg5 Rb7 22. Nb4 c5 23. Nd3 c4 24. Nc5 Rxb2 25. Nxe6 fxe6 26. Rxe6 Bxc3 27. Rc1
Bd4 28. Rxc4 Bxf2+ 29. Kh2 Rxa2 30. Re7 Ra3 31. Bf4 Bh4 32. Re6 Kf7 33. Rb6 Bd8
34. Rb7+ Kg8 35. Be5 Re3 36. Rg7+ Kf8 37. Rf4+ Ke8 38. Bd6 Be7 39. Bxe7 Rxe7
40. Rg8+ Kd7 41. Rxa8 Re6 42. Rf7+ 1-0

[Event "3. Open Distrito Chamartín 2014"]
[Site "Madrid ESP"]
[Date "2014.09.08"]
[Round "2.11"]
[White "Alvarez Escudero, Manuel"]
[Black "Gonzalez Aguirre, Luis"]
[Result "1/2-1/2"]
[WhiteElo "1750"]
[BlackElo "2089"]
[PlyCount "116"]
[EventDate "2014.09.07"]
[EventType "swiss"]
[EventRounds "9"]
[EventCountry "ESP"]
[SourceTitle "Ajedrez en Madrid"]
[Source "lmi"]
[SourceDate "2014.09.07"]
[SourceVersion "1"]
[SourceVersionDate "2015.07.30"]
[SourceQuality "1"]

1. e4 c6 2. d4 d5 3. exd5 cxd5 4. Nf3 Nf6 5. Bd3 Nc6 6. c3 Bg4 7. h3 Bh5 8. O-O
Qc7 9. Re1 e6 10. Bg5 Be7 11. Nbd2 O-O 12. Qc2 Bg6 13. Ne5 Nxd4 14. Qa4 Nc6 15.
Nxg6 hxg6 16. Rad1 Nh5 17. Be3 a6 18. Nf3 b5 19. Qc2 Bd6 20. Nd4 Nxd4 21. Bxd4
Rac8 22. Qd2 e5 23. Be3 e4 24. Bb1 Bc5 25. Bxc5 Qxc5 26. Qd4 Qe7 27. a4 Nf4 28.
Re3 Qg5 29. g4 Ne6 30. Qb6 bxa4 31. Qxa6 Rb8 32. Rd2 Qe5 33. Qxa4 Ng5 34. Qd1
Nf3+ 35. Qxf3 Qg5 36. Qg3 Rb5 37. h4 Qe7 38. g5 Rfb8 39. Ree2 Qa7 40. Bc2 Rxb2
41. Rxd5 Qb7 42. Rdd2 Ra8 43. Qe3 Ra1+ 44. Kg2 Rxc2 45. Rxc2 Qb1 46. Kg3 Qg1+
47. Kf4 Ra5 48. Qg3 Rf5+ 49. Kxe4 Qb1 50. f4 Qh1+ 51. Qf3 Qd1 52. Rcd2 Qa4+ 53.
Rd4 Qc6+ 54. Ke3 Qxc3+ 55. Rd3 Qc1+ 56. Kf2 Rxf4 57. Rd8+ Kh7 58. Ree8 Rxf3+
1/2-1/2

[Event "3. Open Distrito Chamartín 2014"]
[Site "Madrid ESP"]
[Date "2014.09.08"]
[Round "2.12"]
[White "Lisarri Tomas, Antonio"]
[Black "Tronch Ilzarbe, Carlos Maria"]
[Result "1-0"]
[WhiteElo "2033"]
[BlackElo "1739"]
[PlyCount "79"]
[EventDate "2014.09.07"]
[EventType "swiss"]
[EventRounds "9"]
[EventCountry "ESP"]
[SourceTitle "Ajedrez en Madrid"]
[Source "lmi"]
[SourceDate "2014.09.07"]
[SourceVersion "1"]
[SourceVersionDate "2015.07.30"]
[SourceQuality "1"]

1. e4 c5 2. Nf3 d6 3. d3 g6 4. g3 Bg7 5. Bg2 Nc6 6. O-O Nf6 7. Re1 O-O 8. c3
Qc7 9. Nbd2 Ng4 10. h3 Nge5 11. Nxe5 Nxe5 12. Qe2 Nc6 13. Nf1 e5 14. Ne3 Be6
15. f4 f5 16. exf5 gxf5 17. Nd5 Qf7 18. Qf3 c4 19. dxc4 e4 20. Qd1 Na5 21. Ne3
Rad8 22. Qa4 b6 23. Bf1 Kh8 24. Kh2 Rg8 25. Be2 Bf6 26. Bd2 Rc8 27. Rad1 Nxc4
28. Bxc4 Bxc4 29. Nxf5 Qg6 30. g4 Rc5 31. Ne3 Ra5 32. Qxc4 h5 33. Rg1 Rc5 34.
Qe2 Bh4 35. Qg2 Qf7 36. Qxe4 Re5 37. fxe5 Qf2+ 38. Qg2 Qf4+ 39. Kh1 hxg4 40.
Nxg4 1-0

[Event "3. Open Distrito Chamartín 2014"]
[Site "Madrid ESP"]
[Date "2014.09.08"]
[Round "2.13"]
[White "Rodriguez Bachiller, Luis"]
[Black "Beyerholm, Arne"]
[Result "0-1"]
[WhiteElo "1733"]
[BlackElo "2024"]
[PlyCount "82"]
[EventDate "2014.09.07"]
[EventType "swiss"]
[EventRounds "9"]
[EventCountry "ESP"]
[SourceTitle "Ajedrez en Madrid"]
[Source "lmi"]
[SourceDate "2014.09.07"]
[SourceVersion "1"]
[SourceVersionDate "2015.07.30"]
[SourceQuality "1"]

1. e4 e5 2. Nf3 Nf6 3. Nc3 Nc6 4. Be2 d5 5. exd5 Nxd5 6. Nxd5 Qxd5 7. d3 Bc5 8.
O-O O-O 9. Re1 Bf5 10. Be3 Bxe3 11. fxe3 Qc5 12. Qc1 Rad8 13. Kh1 Qe7 14. e4
Bg4 15. Qg5 Bxf3 16. Qxe7 Bxg2+ 17. Kxg2 Nxe7 18. Bh5 Rd6 19. Re3 Rh6 20. Rh3
c5 21. Rf1 Nc6 22. Rf2 Nd4 23. Bg4 Rxh3 24. Bxh3 Rd8 25. Kf1 Rd6 26. Ke1 g6 27.
c3 Nc6 28. Ke2 Kg7 29. Ke3 Rf6 30. Rd2 Kf8 31. Bc8 b6 32. Bb7 Ke7 33. Bxc6 Rxc6
34. d4 cxd4+ 35. cxd4 exd4+ 36. Kd3 Rc7 37. h4 h5 38. e5 Ke6 39. Ke4 Rd7 40.
Rf2 d3 41. Rd2 Rd5 0-1

[Event "3. Open Distrito Chamartín 2014"]
[Site "Madrid ESP"]
[Date "2014.09.08"]
[Round "2.14"]
[White "Gonzalez Mateos, Rafael"]
[Black "De Dompablo Fantova, Juan"]
[Result "1-0"]
[WhiteElo "2016"]
[BlackElo "1728"]
[PlyCount "67"]
[EventDate "2014.09.07"]
[EventType "swiss"]
[EventRounds "9"]
[EventCountry "ESP"]
[SourceTitle "Ajedrez en Madrid"]
[Source "lmi"]
[SourceDate "2014.09.07"]
[SourceVersion "1"]
[SourceVersionDate "2015.07.30"]
[SourceQuality "1"]

1. d4 Nf6 2. c3 e6 3. Bg5 Be7 4. Nd2 b6 5. e4 d5 6. Bd3 dxe4 7. Nxe4 Bb7 8.
Bxf6 Bxf6 9. Nf3 Nd7 10. Qc2 Be7 11. O-O-O O-O 12. h4 c5 13. dxc5 bxc5 14. Neg5
g6 15. Bb5 Bxf3 16. Nxf3 Qa5 17. Bxd7 Qxa2 18. Qa4 Qxa4 19. Bxa4 Rab8 20. Rd7
Bf6 21. Kc2 Rb6 22. Rxa7 Rfb8 23. b3 c4 24. b4 Rd6 25. Rd1 Rxd1 26. Kxd1 Rd8+
27. Ke2 Rd6 28. b5 Rd8 29. b6 Rb8 30. b7 Bd8 31. Ra8 Bc7 32. Nd4 Kg7 33. Rxb8
Bxb8 34. Nc6 1-0

[Event "3. Open Distrito Chamartín 2014"]
[Site "Madrid ESP"]
[Date "2014.09.08"]
[Round "2.15"]
[White "Tolosana Esteban, Enrique"]
[Black "Gonzalez Perez, Pedro"]
[Result "0-1"]
[WhiteElo "1721"]
[BlackElo "2009"]
[PlyCount "64"]
[EventDate "2014.09.07"]
[EventType "swiss"]
[EventRounds "9"]
[EventCountry "ESP"]
[SourceTitle "Ajedrez en Madrid"]
[Source "lmi"]
[SourceDate "2014.09.07"]
[SourceVersion "1"]
[SourceVersionDate "2015.07.30"]
[SourceQuality "1"]

1. e4 c6 2. d4 d5 3. e5 Bf5 4. Ne2 e6 5. Ng3 Bg6 6. h4 h6 7. h5 Bh7 8. Bd3 Bxd3
9. Qxd3 Nd7 10. O-O Ne7 11. b3 c5 12. c3 Qb6 13. b4 cxd4 14. cxd4 Nc6 15. Be3
Nxb4 16. Qd2 Qa6 17. a3 Nb6 18. Nc3 Nc6 19. Rfb1 Be7 20. Nb5 Rc8 21. f4 Nc4 22.
Qe2 Nxe3 23. Qxe3 O-O 24. f5 Bg5 25. Qe1 Qa4 26. Qf2 a6 27. Nd6 Rc7 28. Ne2 Qc2
29. Rf1 Qd2 30. fxe6 Be3 31. exf7+ Rcxf7 32. Nxf7 Rxf7 0-1

[Event "3. Open Distrito Chamartín 2014"]
[Site "Madrid ESP"]
[Date "2014.09.09"]
[Round "3.1"]
[White "Barria Zuniga, Daniel"]
[Black "Beyerholm, Arne"]
[Result "1/2-1/2"]
[WhiteElo "2427"]
[BlackElo "2024"]
[PlyCount "121"]
[EventDate "2014.09.07"]
[EventType "swiss"]
[EventRounds "9"]
[EventCountry "ESP"]
[SourceTitle "Ajedrez en Madrid"]
[Source "lmi"]
[SourceDate "2014.09.07"]
[SourceVersion "1"]
[SourceVersionDate "2015.07.30"]
[SourceQuality "1"]

1. d4 Nf6 2. c4 e6 3. Nf3 d5 4. Nc3 Be7 5. Bg5 h6 6. Bxf6 Bxf6 7. Qc2 O-O 8.
O-O-O a6 9. e3 dxc4 10. Bxc4 b5 11. Bd3 Bb7 12. Bh7+ Kh8 13. Be4 Nc6 14. h4 Nb4
15. Qb3 Bxe4 16. Nxe4 Be7 17. Kb1 a5 18. Nc5 Bxc5 19. dxc5 Qe7 20. a3 Na6 21.
c6 b4 22. a4 Nc5 23. Qc2 b3 24. Qc4 Rfb8 25. Rc1 Na6 26. Rhd1 Rb4 27. Qc3 f6
28. Rd7 Qe8 29. Qd3 Rxa4 30. Nd4 Rb4 31. g4 Rb6 32. Qe4 Rb4 33. Qxe6 Qxe6 34.
Nxe6 Rc8 35. g5 Rxh4 36. gxf6 gxf6 37. Nd4 Rh2 38. Nxb3 a4 39. Nd4 Rxf2 40. Rc4
Rb8 41. Rxa4 Nc5 42. Ra2 Nxd7 43. cxd7 Rd8 44. Ne6 Rxd7 45. Ra8+ Kh7 46. Nf8+
Kg7 47. Nxd7 Re2 48. Ra7 h5 49. Rxc7 h4 50. Rc4 h3 51. Rg4+ Kf7 52. Rh4 Rxe3
53. Kc2 Re2+ 54. Kc3 h2 55. b4 Rg2 56. b5 Rg3+ 57. Kc2 Rg2+ 58. Kd3 Rg3+ 59.
Ke2 Rb3 60. Kf2 Rxb5 61. Rxh2 1/2-1/2

[Event "3. Open Distrito Chamartín 2014"]
[Site "Madrid ESP"]
[Date "2014.09.09"]
[Round "3.2"]
[White "Roa Alonso, Santiago"]
[Black "Plazuelo Pascual, Juan"]
[Result "1-0"]
[WhiteElo "2397"]
[BlackElo "1995"]
[PlyCount "113"]
[EventDate "2014.09.07"]
[EventType "swiss"]
[EventRounds "9"]
[EventCountry "ESP"]
[SourceTitle "Ajedrez en Madrid"]
[Source "lmi"]
[SourceDate "2014.09.07"]
[SourceVersion "1"]
[SourceVersionDate "2015.07.30"]
[SourceQuality "1"]

1. Nf3 d5 2. g3 Bg4 3. Bg2 Nd7 4. c4 e6 5. b3 Ngf6 6. Bb2 Be7 7. d3 O-O 8. Nbd2
c6 9. O-O Qc7 10. Rc1 Rad8 11. Qc2 Qb8 12. Rfe1 Bh5 13. a3 Rfe8 14. b4 e5 15.
cxd5 cxd5 16. e4 dxe4 17. dxe4 Rc8 18. Qb3 b5 19. Qa2 Bg6 20. Nh4 Nb6 21. Nxg6
hxg6 22. Bh3 Rxc1 23. Rxc1 Rd8 24. Rc2 Qd6 25. Bf1 a6 26. Nf3 Qd1 27. Re2 Nc4
28. Nxe5 Rd2 29. Rxd2 Nxd2 30. Qa1 Qxa1 31. Bxa1 Nxf1 32. Kxf1 Nxe4 33. Nc6 Bd6
34. Ke2 Kf8 35. Bd4 Nf6 36. Be5 Bxe5 37. Nxe5 Nd5 38. Kd3 Ke7 39. Kd4 Nb6 40.
f4 Ke6 41. Nd3 Kd6 42. Nc5 Nc4 43. a4 Nd2 44. axb5 axb5 45. Ne4+ Nxe4 46. Kxe4
Ke6 47. g4 f6 48. Kd4 Kd6 49. h4 Kc6 50. Ke4 Kd6 51. f5 gxf5+ 52. Kxf5 Ke7 53.
Kg6 Kf8 54. h5 Kg8 55. h6 gxh6 56. Kxf6 Kh7 57. Kf7 1-0

[Event "3. Open Distrito Chamartín 2014"]
[Site "Madrid ESP"]
[Date "2014.09.09"]
[Round "3.3"]
[White "Alvarez Serrano, Carlos"]
[Black "Renteria, Jorge"]
[Result "1/2-1/2"]
[WhiteElo "1936"]
[BlackElo "2313"]
[PlyCount "115"]
[EventDate "2014.09.07"]
[EventType "swiss"]
[EventRounds "9"]
[EventCountry "ESP"]
[SourceTitle "Ajedrez en Madrid"]
[Source "lmi"]
[SourceDate "2014.09.07"]
[SourceVersion "1"]
[SourceVersionDate "2015.07.30"]
[SourceQuality "1"]

1. d4 d6 2. Nf3 Bg4 3. Bf4 Bxf3 4. exf3 c6 5. c3 Nd7 6. Qb3 Qb6 7. Nd2 d5 8. a4
Ngf6 9. a5 Qxb3 10. Nxb3 Nh5 11. Be3 a6 12. Be2 g6 13. O-O e6 14. Nd2 Bd6 15.
g3 Ng7 16. f4 Nf5 17. b4 f6 18. Bg4 Kf7 19. Nb3 Rab8 20. Nc5 Rhd8 21. Rae1 Bc7
22. Ra1 Nf8 23. Rfe1 Re8 24. Kf1 Nd6 25. Be2 Re7 26. Bd3 Nb5 27. Bxb5 cxb5 28.
Ra2 Nd7 29. Rae2 Nxc5 30. dxc5 Rbe8 31. Rd1 Rd7 32. Red2 Red8 33. f3 Kg7 34.
Kg2 h6 35. Kf2 Kf7 36. Kg2 h5 37. h4 Rg8 38. Kh3 Bd8 39. Rd4 Re7 40. R4d3 Ree8
41. R3d2 g5 42. fxg5 fxg5 43. Bxg5 Bxg5 44. hxg5 Rxg5 45. Rd4 Reg8 46. Rg1 Re5
47. Rgd1 Kf6 48. Rf4+ Ke7 49. Rfd4 Rf8 50. f4 Ref5 51. Re1 Kf7 52. Rd3 Rd8 53.
Rde3 Rf6 54. Rd3 Rh8 55. Kh4 Rg6 56. Re5 Rg4+ 57. Kh3 Rg6 58. Kh4 1/2-1/2

[Event "3. Open Distrito Chamartín 2014"]
[Site "Madrid ESP"]
[Date "2014.09.09"]
[Round "3.4"]
[White "Fernandez Lledo, Javier"]
[Black "Abul, Qasem"]
[Result "1-0"]
[WhiteElo "2251"]
[BlackElo "1994"]
[PlyCount "61"]
[EventDate "2014.09.07"]
[EventType "swiss"]
[EventRounds "9"]
[EventCountry "ESP"]
[SourceTitle "Ajedrez en Madrid"]
[Source "lmi"]
[SourceDate "2014.09.07"]
[SourceVersion "1"]
[SourceVersionDate "2015.07.30"]
[SourceQuality "1"]

1. Nf3 c5 2. e4 Nc6 3. b3 Nf6 4. Nc3 a6 5. h3 Qc7 6. Bb2 e6 7. Qe2 d6 8. O-O-O
Nd4 9. Qd3 e5 10. Nxd4 cxd4 11. Ne2 Bd7 12. Kb1 g6 13. g4 Nxe4 14. Bxd4 Be7 15.
Bg2 Ng5 16. f4 exd4 17. Qxd4 O-O 18. fxg5 Bxg5 19. Nc3 Rab8 20. h4 Bd8 21. Nd5
Qc5 22. Qf4 Rc8 23. c4 b5 24. d3 a5 25. g5 bxc4 26. dxc4 a4 27. Bh3 Be6 28. h5
axb3 29. axb3 Rb8 30. Kb2 Bxg5 31. Qxg5 1-0

[Event "3. Open Distrito Chamartín 2014"]
[Site "Madrid ESP"]
[Date "2014.09.09"]
[Round "3.5"]
[White "Nieto De La Cruz, Julio"]
[Black "Fernandez Aransay, Fernando"]
[Result "1-0"]
[WhiteElo "2179"]
[BlackElo "1838"]
[PlyCount "63"]
[EventDate "2014.09.07"]
[EventType "swiss"]
[EventRounds "9"]
[EventCountry "ESP"]
[SourceTitle "Ajedrez en Madrid"]
[Source "lmi"]
[SourceDate "2014.09.07"]
[SourceVersion "1"]
[SourceVersionDate "2015.07.30"]
[SourceQuality "1"]

1. d4 d5 2. c4 e6 3. Nc3 Nf6 4. cxd5 exd5 5. Bg5 Be7 6. e3 O-O 7. Bd3 Nbd7 8.
Nge2 b6 9. Ng3 Bb7 10. Nf5 c5 11. Qf3 cxd4 12. exd4 Re8 13. O-O-O Rc8 14. Kb1
a6 15. h4 b5 16. g4 Qa5 17. h5 Bb4 18. Nh6+ Kf8 19. Bxf6 Nxf6 20. g5 Rxc3 21.
gxf6 g6 22. hxg6 fxg6 23. Ng4 h5 24. Qf4 Re4 25. Qh6+ Kf7 26. Qg7+ Ke8 27. f7+
Kd8 28. Bxe4 dxe4 29. bxc3 e3 30. f8=Q+ Bxf8 31. Qxf8+ Kc7 32. Qc5+ 1-0

[Event "3. Open Distrito Chamartín 2014"]
[Site "Madrid ESP"]
[Date "2014.09.09"]
[Round "3.6"]
[White "Lopez Heras, Arturo"]
[Black "Barez Menendez, Hector"]
[Result "1-0"]
[WhiteElo "1879"]
[BlackElo "2163"]
[PlyCount "109"]
[EventDate "2014.09.07"]
[EventType "swiss"]
[EventRounds "9"]
[EventCountry "ESP"]
[SourceTitle "Ajedrez en Madrid"]
[Source "lmi"]
[SourceDate "2014.09.07"]
[SourceVersion "1"]
[SourceVersionDate "2015.07.30"]
[SourceQuality "1"]

1. d4 d5 2. Nf3 c5 3. e3 e6 4. c4 Nf6 5. Nc3 Nc6 6. a3 dxc4 7. Bxc4 Be7 8. O-O
cxd4 9. exd4 O-O 10. Re1 Nd5 11. Qd3 Nxc3 12. bxc3 Bd7 13. Ba2 Rc8 14. c4 Bf6
15. Bf4 Ne7 16. Rab1 Bc6 17. Ne5 Bxe5 18. Bxe5 Qd7 19. Rbd1 f6 20. Bg3 Nf5 21.
d5 exd5 22. cxd5 Bb5 23. d6+ Kh8 24. Qd2 Rfe8 25. Rc1 Rxe1+ 26. Rxe1 Nxg3 27.
Be6 Ne2+ 28. Rxe2 Qd8 29. Bxc8 Bxe2 30. Bxb7 Bb5 31. h3 g6 32. Qd5 Qd7 33. Qc5
a6 34. Qc8+ Kg7 35. Qxd7+ Bxd7 36. Bxa6 f5 37. f4 Kf6 38. Bc4 g5 39. g3 h5 40.
Kf2 gxf4 41. gxf4 h4 42. Ke3 Bc6 43. Kf2 Ba4 44. Bd5 Bc2 45. Ke3 Ba4 46. Kd4
Bb5 47. Bg2 Ke6 48. Kc5 Ba4 49. Bc6 Bd1 50. a4 Be2 51. Bg2 Kd7 52. a5 Bd3 53.
Kd4 Ba6 54. Ke5 Bd3 55. Bd5 1-0

[Event "3. Open Distrito Chamartín 2014"]
[Site "Madrid ESP"]
[Date "2014.09.09"]
[Round "3.7"]
[White "Aziz Ortego, Omar Luis"]
[Black "Camarero Izquierdo, Juan Carlo"]
[Result "1-0"]
[WhiteElo "2094"]
[BlackElo "1836"]
[PlyCount "113"]
[EventDate "2014.09.07"]
[EventType "swiss"]
[EventRounds "9"]
[EventCountry "ESP"]
[SourceTitle "Ajedrez en Madrid"]
[Source "lmi"]
[SourceDate "2014.09.07"]
[SourceVersion "1"]
[SourceVersionDate "2015.07.30"]
[SourceQuality "1"]

1. d4 Nf6 2. c4 g6 3. Nc3 Bg7 4. g3 O-O 5. Bg2 c6 6. e4 d6 7. Nge2 Nbd7 8. O-O
e5 9. Rb1 a5 10. b3 Re8 11. d5 cxd5 12. cxd5 Nc5 13. a3 Bg4 14. b4 axb4 15.
axb4 Bxe2 16. Qxe2 Na4 17. Nb5 Qd7 18. f3 Rec8 19. Rb3 Ne8 20. Be3 Nc7 21. Na3
b5 22. Rc1 Ra6 23. Bf1 Rb8 24. Qf2 Rba8 25. Bd3 Nc5 26. bxc5 Rxa3 27. Rxa3 Rxa3
28. cxd6 Nxd5 29. exd5 Rxd3 30. Qc2 Qf5 31. Qc8+ Bf8 32. Bh6 Rd1+ 33. Kf2 Rd2+
34. Ke1 Rd1+ 35. Kxd1 Qxf3+ 36. Kc2 Qe4+ 37. Kd2 Qxd5+ 38. Ke3 Qd4+ 39. Kf3
Qd5+ 40. Kf2 Qd4+ 41. Be3 Qxd6 42. Qc6 Qd3 43. Qc2 Qd7 44. Kg1 Qb7 45. Qc6 Qe7
46. Qxb5 h5 47. Rc8 Qa3 48. Qxe5 Kh7 49. Bd4 g5 50. Qxg5 Qf3 51. Qe3 Qd1+ 52.
Kf2 Bb4 53. Qe4+ Kh6 54. Rh8+ Kg5 55. Be3+ Kf6 56. Bd4+ Kg5 57. h4# 1-0

[Event "3. Open Distrito Chamartín 2014"]
[Site "Madrid ESP"]
[Date "2014.09.09"]
[Round "3.8"]
[White "Gomez Feria, Jose Maria"]
[Black "Lisarri Tomas, Antonio"]
[Result "0-1"]
[WhiteElo "1838"]
[BlackElo "2033"]
[PlyCount "126"]
[EventDate "2014.09.07"]
[EventType "swiss"]
[EventRounds "9"]
[EventCountry "ESP"]
[SourceTitle "Ajedrez en Madrid"]
[Source "lmi"]
[SourceDate "2014.09.07"]
[SourceVersion "1"]
[SourceVersionDate "2015.07.30"]
[SourceQuality "1"]

1. Nf3 Nf6 2. c4 g6 3. b4 Bg7 4. Bb2 O-O 5. Nc3 d6 6. g3 e5 7. Bg2 c6 8. O-O
Ne8 9. Qc2 f5 10. d3 Qe7 11. e3 Be6 12. h4 h6 13. Ne2 Nd7 14. a3 Nef6 15. Rac1
Rae8 16. Nh2 d5 17. c5 g5 18. hxg5 hxg5 19. Nf3 Ng4 20. Nh2 Ndf6 21. Qd2 Nxh2
22. Kxh2 Ng4+ 23. Kg1 e4 24. Bxg7 Qxg7 25. f3 exd3 26. Qxd3 Ne5 27. Qd4 Nc4 28.
Qxg7+ Kxg7 29. Rc3 Bd7 30. Kf2 a5 31. Nd4 axb4 32. axb4 Ra8 33. Rfc1 Ra2+ 34.
R1c2 Rfa8 35. Bf1 Ne5 36. Be2 R2a4 37. Rb2 Rh8 38. Rc1 Ng6 39. Kg2 f4 40. exf4
gxf4 41. g4 Kf6 42. Bd3 Ne5 43. Be2 Ra3 44. Rb3 Rha8 45. Rcb1 Rxb3 46. Rxb3 Ra2
47. Kf1 Rd2 48. Nf5 Bxf5 49. gxf5 Ra2 50. b5 Rc2 51. bxc6 bxc6 52. Rb8 Rxc5 53.
Rf8+ Nf7 54. Bd3 Rc3 55. Be2 d4 56. Ke1 Ke7 57. Rc8 Ne5 58. Kd2 c5 59. Bd1 Nc4+
60. Ke2 Ne3 61. Kd2 Nxf5 62. Bc2 Nd6 63. Rc6 Nc4+ 0-1

[Event "3. Open Distrito Chamartín 2014"]
[Site "Madrid ESP"]
[Date "2014.09.09"]
[Round "3.9"]
[White "Ruiz Sanchez, Roberto"]
[Black "Perez Mitjans, Orelvis"]
[Result "0-1"]
[WhiteElo "1910"]
[BlackElo "2440"]
[PlyCount "134"]
[EventDate "2014.09.07"]
[EventType "swiss"]
[EventRounds "9"]
[EventCountry "ESP"]
[SourceTitle "Ajedrez en Madrid"]
[Source "lmi"]
[SourceDate "2014.09.07"]
[SourceVersion "1"]
[SourceVersionDate "2015.07.30"]
[SourceQuality "1"]

1. e4 c5 2. Nf3 d6 3. d4 cxd4 4. Nxd4 Nf6 5. Nc3 g6 6. Be3 Bg7 7. Bc4 O-O 8. f3
Nc6 9. Qd2 Nd7 10. Bb3 Na5 11. Bh6 Nb6 12. Bxg7 Kxg7 13. O-O-O e5 14. Ndb5 Nbc4
15. Qd3 Be6 16. h4 Qf6 17. Nc7 Qf4+ 18. Kb1 Rac8 19. N7d5 Qg3 20. Qf1 Bxd5 21.
Nxd5 f5 22. Rh3 Qxh3 23. gxh3 fxe4 24. c3 exf3 25. Qf2 Rce8 26. Bc2 e4 27. Re1
Re5 28. Ne3 d5 29. b3 Nxe3 30. Rxe3 b5 31. Re1 Nc6 32. c4 bxc4 33. bxc4 Nb4 34.
Qxa7+ Rf7 35. Qd4 Rff5 36. cxd5 f2 37. Rf1 Nxc2 38. Qa7+ Rf7 39. Qxf7+ Kxf7 40.
Rxf2+ Rf5 41. Rxc2 Rxd5 42. Rc4 Re5 43. Kc1 Ke6 44. Kd2 Kd5 45. Ra4 Rf5 46.
Ra5+ Kd4 47. Ra4+ Ke5 48. Ra8 Rf2+ 49. Ke3 Rf3+ 50. Ke2 Rxh3 51. a4 Rxh4 52. a5
Rh2+ 53. Ke3 Rh3+ 54. Ke2 Ra3 55. a6 Kf4 56. Rf8+ Kg5 57. Ra8 Kf4 58. Rf8+ Kg3
59. Rh8 h5 60. Ra8 g5 61. a7 Kg4 62. Kf2 h4 63. Kg2 h3+ 64. Kf1 Ra2 65. Ke1 h2
66. Rh8 Rxa7 67. Rxh2 Ra1+ 0-1

[Event "3. Open Distrito Chamartín 2014"]
[Site "Madrid ESP"]
[Date "2014.09.09"]
[Round "3.10"]
[White "Minguela Munoz, Bienvenido"]
[Black "Hernando Pertierra, Jose C"]
[Result "0-1"]
[WhiteElo "1761"]
[BlackElo "2379"]
[PlyCount "44"]
[EventDate "2014.09.07"]
[EventType "swiss"]
[EventRounds "9"]
[EventCountry "ESP"]
[SourceTitle "Ajedrez en Madrid"]
[Source "lmi"]
[SourceDate "2014.09.07"]
[SourceVersion "1"]
[SourceVersionDate "2015.07.30"]
[SourceQuality "1"]

1. d4 Nf6 2. c4 c5 3. d5 b5 4. cxb5 a6 5. bxa6 Bxa6 6. g3 d6 7. Nc3 g6 8. Nf3
Bg7 9. Bg2 O-O 10. O-O Nbd7 11. Re1 Qb6 12. e3 Rfb8 13. Rb1 Ng4 14. Qc2 Nge5
15. Nxe5 Nxe5 16. Rd1 Qb4 17. a3 Qb3 18. Be4 Bc4 19. Ra1 f5 20. Bxf5 gxf5 21.
Qxf5 Kh8 22. a4 Rf8 0-1

[Event "3. Open Distrito Chamartín 2014"]
[Site "Madrid ESP"]
[Date "2014.09.09"]
[Round "3.11"]
[White "Gonzalez Aguirre, Luis"]
[Black "Tevar Becerra, Alvaro"]
[Result "1-0"]
[WhiteElo "2089"]
[BlackElo "1556"]
[PlyCount "32"]
[EventDate "2014.09.07"]
[EventType "swiss"]
[EventRounds "9"]
[EventCountry "ESP"]
[SourceTitle "Ajedrez en Madrid"]
[Source "lmi"]
[SourceDate "2014.09.07"]
[SourceVersion "1"]
[SourceVersionDate "2015.07.30"]
[SourceQuality "1"]

1. g3 Nf6 2. c4 g6 3. Nc3 Bg7 4. Bg2 O-O 5. Nf3 d6 6. O-O c6 7. d4 Qa5 8. h3
Qa6 9. b3 c5 10. Bb2 cxd4 11. Nxd4 Nc6 12. Nc2 Bd7 13. Qd2 Qb6 14. Ne3 Nd8 15.
Ncd5 Nxd5 16. Nxd5 Qc7 1-0

[Event "3. Open Distrito Chamartín 2014"]
[Site "Madrid ESP"]
[Date "2014.09.09"]
[Round "3.12"]
[White "Bento Iglesias, Pablo"]
[Black "Alonso Aranzabal, Inigo"]
[Result "1-0"]
[WhiteElo "1660"]
[BlackElo "1960"]
[PlyCount "119"]
[EventDate "2014.09.07"]
[EventType "swiss"]
[EventRounds "9"]
[EventCountry "ESP"]
[SourceTitle "Ajedrez en Madrid"]
[Source "lmi"]
[SourceDate "2014.09.07"]
[SourceVersion "1"]
[SourceVersionDate "2015.07.30"]
[SourceQuality "1"]

1. e4 e5 2. Nf3 Nc6 3. Bb5 a6 4. Ba4 Nf6 5. d3 d6 6. h3 Be7 7. Be3 O-O 8. O-O
b5 9. Bb3 Na5 10. c3 Nxb3 11. Qxb3 Be6 12. Qc2 c5 13. Nbd2 Rc8 14. Rac1 Nd7 15.
Rfd1 f5 16. exf5 Bxf5 17. c4 bxc4 18. Nxc4 Bxh3 19. Nxd6 Bxd6 20. Qc4+ Kh8 21.
Ng5 Bg4 22. Qxg4 Nf6 23. Qh3 Qe7 24. Rc4 Rb8 25. b3 Rb4 26. Rdc1 Rxc4 27. Rxc4
g6 28. Ne6 Re8 29. Nxc5 Nd5 30. Ne4 Bc7 31. Bc5 Qg7 32. g3 h5 33. Bd6 Bxd6 34.
Nxd6 Re7 35. Rc8+ Kh7 36. Nf5 Qf6 37. Nxe7 Qxe7 38. Rb8 Kh6 39. Rh8+ Kg7 40.
Qc8 Nf6 41. Qd8 Qc5 42. Qc8 Qe7 43. Rd8 Kh6 44. Qc1+ g5 45. Rc8 e4 46. dxe4
Qxe4 47. Qa1 Kg7 48. Rc7+ Kg6 49. Rc1 Kg7 50. Re1 Qf5 51. Qe5 Qg4 52. Rc1 h4
53. Rc6 Qd1+ 54. Kg2 h3+ 55. Kh2 Qf3 56. Qxf6+ Qxf6 57. Rxf6 Kxf6 58. Kxh3 Kf5
59. b4 g4+ 60. Kh4 1-0